| 000 | 01423nam a2200325 4500 | ||
|---|---|---|---|
| 001 | 114563 | ||
| 003 | DR-UNIBE | ||
| 005 | 20260410134340.0 | ||
| 008 | 260409b2024 dr ||||| |||| 00| 1 spa d | ||
| 020 | _a9789945954708 | ||
| 040 |
_aBIBLIOTECA UNIBE _bspa _cBIBLIOTECA UNIBE _eRDA |
||
| 041 | _aspa | ||
| 090 | _aFBIU-RO CJ C965d | ||
| 100 | 1 | 0 |
_aCueto, Amarilis _9204160 _eautor |
| 245 | 1 | 0 |
_aDante grafito / _cAmarilis Cueto ; edición y corrección: Rafael J. Rodríguez Pérez ; diseño: Carlos H. Bruzón ; ilustraciones: Rachel Ortíz de la Rosa ; comentaristas: Rafael J. Rodríguez Pérez y Geraldine De Santis |
| 250 | _aPrimera edición | ||
| 260 |
_aSanto Domingo: _bRío de Oro Editores , _c2025 |
||
| 300 |
_a34 páginas : _bilustraciones a color _c23 x 20 cm |
||
| 490 | _aColección carajitos | ||
| 500 | _aIncluye biografía del autor al inicio de la obra y comentarios de la obra en la contraportada | ||
| 653 | 0 | 7 | _aCuentos juveniles dominicanos |
| 653 | 0 | 7 | _aLiteratura juvenil dominicana |
| 653 | 0 | 7 | _aGrafito - Cuentos juveniles dominicanos |
| 653 | 0 | 7 | _aSueños - Cuentos juveniles dominicanos |
| 700 | 1 | 0 |
_aRodríguez Pérez, Rafael J. _9198242 _eeditor _ecorrector de estilo _ecomentarista |
| 700 | 1 | 0 |
_aBruzón, Carlos H. _9162497 _ediseñador |
| 700 | 1 | 0 |
_aOrtíz La Rosa, Rachel _9160245 _eilustrador |
| 700 | 1 | 0 |
_aSantis, Géraldine de, _d1980- _953457 _ecomentarista |
| 942 |
_2ddc _cBK |
||
| 999 |
_c114563 _d114563 |
||